00906cam a22002291 450000100060000000300080000600500170001400800390003103500190007003500190008904000340010804100080014208200200015010000320017024500910020226000760029330000210036949000470039050001250043765100580056265100560062023074BD-RjUL20211209000905.0140310r19481928enk 000 0 eng a(BD-RjUL)23139 a(OCoLC)1458194 aDLCcTxUdOCoLCdCUdDLCbeng aeng a914.2bDET 19481 aDefoe, Daniel,d1661?-1731.12aA tour through England & Wales :bdivided into circuits or journies .../cDaniel Defoe aLondon :bJ.M. Dent;aNew York :bE.P. Dutton,cC1928 [reprinting 1948] a300 p. ;c18 cm.0 aEveryman's library - Travel and topography a"This edition has been set up from the verbatim reprint of the first edition ... published in 1927 by Mr. Peter Davies." 0aEnglandxDescription and travelxEarly works to 1800. 0aWalesxDescription and travelxEarly works to 1800.